000
00320 a2200157 4500
001
156613
020
_a
9781107681460
040
_c
Escola São Tomás de Aquino
100
_a
WALKER, Theo
240
1
0
_a
Sugar
_l
por
245
1
0
_a
Sugar
300
_a
28
362
0
_a
2014
697
_a
Língua inglesa
942
_c
BK
999
_c
156613
_d
156613